| 000 | 00577nam a2200145Ia 4500 | ||
|---|---|---|---|
| 008 | 100415s9999 xx 000 0 und d | ||
| 082 |
_b18126 _a574.5264(54) |
||
| 100 | _aShah Mihir | ||
| 245 | _aIndia's Drylands : Tribal Societies and Development through Environmental Regeneration | ||
| 260 |
_aDELHI _c1998 _bOXFORD UNIVERSITY PRESS |
||
| 365 | _b525 | ||
| 630 | _aIndia's Drylands : Tribal Societies and Development through Environmental Regeneration | ||
| 730 | _aIndia's Drylands : Tribal Societies and Development through Environmental Regeneration | ||
| 942 | _cBOOK | ||
| 999 |
_c601023 _d601020 |
||